| 000 | 003620000a22000970004500 | ||
|---|---|---|---|
| 100 | 1 | _aReboiras, Ramón F. | |
| 245 | 1 | 0 | _aLos satánicos : Los Rolling Stones lanzaron su último disco, que lleva por título voodoo lounge, y afirmaron que el diablo se lleva por dentro |
| 300 | _aVol. 49, Num. 49 (Julio, 1994), Páginas 50-53 | ||
| 773 | 0 | _tCambio 16 | |
| 942 | _cANA | ||
| 999 |
_c58567 _d58567 |
||